| 000 | 00579nam a2200205 4500 | ||
|---|---|---|---|
| 001 | 3356 | ||
| 005 | 20181127171057.0 | ||
| 010 | 0 | 0 | _a |
| 020 | 0 | 0 | _a9781933330693 |
| 090 | 0 | 0 | _a294.34 N724c 2008 |
| 100 | 0 | 0 | _aNisker, Wes. |
| 245 | 0 | 0 |
_aCrazy wisdom saves the world again! : _bHandbook for a spiritual revolution / _cWes "Scoop" Nisker. _h |
| 250 | 0 | 0 | _a |
| 260 | 0 | 0 |
_aBerkeley, CA : _bStone Bridge Press, _c2008. |
| 300 | 0 | 0 | _a176 p. ; 18 cm. |
| 500 | 0 | 0 | _a |
| 650 | 0 | 0 |
_a Wisdom --Religious aspects --Buddhism. _x |
| 650 | 0 | 0 |
_aSpiritual life. _x |
| 650 | 0 | 0 |
_aWisdom --History _x |
| 999 |
_c2717 _d2717 |
||